00666 2200241 4500001002100000005001700021008004100038020002000079035002400099043001200123082000800135090001900143100002000162245007000182260003100252300002400283500001100307504001700318534003100335650002000366700001700386999002100403YOGYA-0411000000152420110418132630.0 ind  a979-672-238-210 0010-041100000001524 aYOPDYOG a177 aDEP 177bTei E aTEIKHMAN, Jenny aEtika Sosialcjenny Teichman ; diterjemahkan oleh A. Sudiarja, SJ aYogyakartabKanisiusc1998 ax, 214 hlm.c223 cm aIndeks ahlm. 205-210 aJudul asli : Social Ethics a4a Etika Sosial aSudiarja, A. a1998-151 CB-D.11